ogólny quiz o Brawl Stars - Statystyki

Ogólne statystyki
  • Ten quiz został rozwiązany 44 razy
  • Średni wynik to 6 z 10
Statystyki odpowiedzi
Zagadnienie Odpowiedź % Poprawnych
Który z wymienionych postaci jest rzadkości bardzo rzadkiej 8-bit
88%
Który z wymienionych zadymiarzy ma kolekcje skinów Mecha? Bo
88%
Jakiej rzadkości jest Doug? mityczny
88%
Kto jest supergwiazdą kreskówek? Kit
75%
Który z wymienionych zadymiarzy był kiedyś rzadkości chromatycznej? Sam
63%
Do jakiego zadymiarza należą te gwiezdne moce: kołujący orzeł, sidła na niedźwiedzia? Bo
50%
Do jakiej postaci należą te gadżety: szybki ładowacz i srebrna kula? Colt
50%
Jak nazywa się superatak Hanka? rybne torpedy
50%
"Jest tu dla ciebie!" to tytuł gracza należący do: Lou
38%
Który z wymienionych skinów był dostępny w sklepie klubu? Pleśniowy Mike
13%
Nie znaleziono quizów pasujących do podanych kryteriów
Rozkład punktacji
Procent ludzi z każdym wynikiem
Percentyl według liczby udzielonych odpowiedzi
Twoja historia wyników
Nie rozwiązałeś tego quizu